[Event "Niedersachsen-ch U14"]
[Site "Norderney"]
[Date "2014.04.12"]
[Round "2"]
[White "Kayki, Hasan"]
[Black "Pitzer, Alexander"]
[Result "1/2-1/2"]
[WhiteElo "1136"]
[BlackElo "1499"]
[PlyCount "30"]
[EventDate "2014.04.??"]
[EventType "swiss"]
[EventRounds "9"]
[EventCountry "GER"]
[SourceTitle "EXT 2017"]
[Source "ChessBase"]
[SourceDate "2016.10.25"]
[SourceVersion "1"]
[SourceVersionDate "2016.10.25"]
[SourceQuality "1"]

1. d4 d5 2. Nf3 Nf6 3. e3 e6 4. c3 a6 5. Nbd2 c5 6. Bd3 Nc6 7. 0-0 Bd6 8. Re1 Qb6 9. Qb3 Qa7 10. c4 cxd4 11. cxd5 Nxd5 12. exd4 0-0 13. Nc4 Bb4 14. Rd1 b5 15. Nce5 Bb7 1/2-1/2

[Event "GER-chT U12"]
[Site "Verden"]
[Date "2012.12.29"]
[Round "5.4"]
[White "Pajeken, Jakob Leon"]
[Black "Pitzer, Alexander"]
[Result "1-0"]
[WhiteElo "1475"]
[BlackElo "1356"]
[PlyCount "72"]
[EventDate "2012.12.27"]
[EventType "team-swiss"]
[EventRounds "7"]
[EventCountry "GER"]
[SourceTitle "EXT 2014"]
[Source "ChessBase"]
[SourceDate "2013.11.20"]
[SourceVersion "1"]
[SourceVersionDate "2013.11.20"]
[SourceQuality "1"]
[WhiteTeam "Hamburger SK"]
[BlackTeam "Hagen"]
[WhiteTeamCountry "GER"]
[BlackTeamCountry "GER"]

1. d4 e6 2. Nf3 c5 3. e3 Nc6 4. b3 d5 5. Bb2 Bd6 6. dxc5 Bf8 7. Nbd2 f6 8. Be2 Bxc5 9. 0-0 e5 10. c4 Nge7 11. cxd5 Nxd5 12. Ne4 Bb6 13. Ba3 Bc7 14. Qd2 Nde7 15. Rfd1 Qxd2 16. Rxd2 0-0 17. Bb5 Re8 18. Nd6 Rd8 19. Nxc8 Raxc8 20. Bc4+ Kh8 21. Rad1 Ng6 22. Kf1 Ba5 23. Rd7 Rxd7 24. Rxd7 Rd8 25. Rxb7 Rd1+ 26. Ke2 Ra1 27. b4 Bb6 28. b5 Nd8 29. Rb8 e4 30. Nd2 h6 31. Bb2 Rh1 32. Nf1 Nh4 33. Bd5 f5 34. Bxg7+ Kh7 35. Bf6 Kg6 36. Bxh4 Bc7 1-0

[Event "Bad Harzburg op 13th"]
[Site "Bad Harzburg"]
[Date "2012.11.02"]
[Round "6"]
[White "Finke, Harald"]
[Black "Pitzer, Alexander"]
[Result "1-0"]
[WhiteElo "1993"]
[BlackElo "1479"]
[PlyCount "77"]
[EventDate "2012.10.30"]
[EventType "swiss"]
[EventRounds "8"]
[EventCountry "GER"]
[SourceTitle "EXT 2014"]
[Source "ChessBase"]
[SourceDate "2013.11.20"]
[SourceVersion "1"]
[SourceVersionDate "2013.11.20"]
[SourceQuality "1"]

1. d4 e6 2. Nf3 Nf6 3. Bf4 b6 4. e3 Bb7 5. Nbd2 Bb4 6. c3 Be7 7. Bd3 Nd5 8. Bg3 f5 9. Ne5 Nf6 10. 0-0 0-0 11. Re1 d6 12. Nef3 Nh5 13. Bc4 d5 14. Be2 Nxg3 15. hxg3 Nd7 16. c4 c6 17. Rc1 Rc8 18. Qa4 a6 19. Qb3 g5 20. Red1 g4 21. Ne1 Qe8 22. c5 b5 23. Nd3 Rf6 24. Nf4 Rh6 25. f3 gxf3 26. Nxf3 Kh8 27. Kf2 Qg8 28. Rh1 Rxh1 29. Rxh1 Nf6 30. Nd2 Ng4+ 31. Bxg4 Qxg4 32. Qd1 Qg8 33. Qh5 Kg7 34. Qh6+ Kf7 35. Qxe6+ Kf8 36. Qxf5+ Ke8 37. Rxh7 Rc7 38. Qh5+ Kd8 39. Rh8 1-0

[Event "GER-chT North U12"]
[Site "Magdeburg"]
[Date "2012.09.08"]
[Round "5.4"]
[White "Pitzer, Alexander"]
[Black "Foth, Henrik"]
[Result "1-0"]
[WhiteElo "1405"]
[BlackElo "892"]
[PlyCount "97"]
[EventDate "2012.09.06"]
[EventType "team-swiss"]
[EventRounds "7"]
[EventCountry "GER"]
[SourceTitle "EXT 2015"]
[Source "ChessBase"]
[SourceDate "2014.11.20"]
[SourceVersion "1"]
[SourceVersionDate "2014.11.20"]
[SourceQuality "1"]
[WhiteTeam "Hagen"]
[BlackTeam "Hamburg Eppendorf"]
[WhiteTeamCountry "GER"]
[BlackTeamCountry "GER"]

1. d4 Nf6 2. Nf3 e6 3. c4 Be7 4. Nc3 0-0 5. Nd2 c5 6. e3 b6 7. Bd3 Bb7 8. f3 d6 9. b3 Nbd7 10. Bb2 d5 11. 0-0 Qc7 12. Nb5 Qb8 13. Re1 a6 14. Na3 e5 15. cxd5 Bxd5 16. e4 Bb7 17. dxc5 Nxc5 18. Ndc4 Ncd7 19. Rc1 b5 20. Ne3 Qd6 21. Nf5 Qe6 22. Rc7 Qb6+ 23. Bd4 Qxc7 24. Nxe7+ Kh8 25. Be3 Rfe8 26. Nf5 h6 27. Qe2 Bc8 28. Rc1 Qb7 29. Nd6 Qb8 30. Nxe8 Nxe8 31. Qf2 Qd6 32. Qc2 Qxa3 33. Qc6 Qd6 34. Qxa8 Qxd3 35. Ba7 Nd6 36. Qc6 Nf6 37. Bb8 Qd4+ 38. Kh1 Nfe8 39. Qc5 Qxc5 40. Rxc5 g6 41. Bxd6 Nxd6 42. Rc6 Bb7 43. Rxd6 Kg7 44. Kg1 h5 45. h4 Bc8 46. Kf2 Kh6 47. Rd5 f6 48. Rd6 Kg7 49. Rc6 1-0

[Event "GER-chT North U12"]
[Site "Magdeburg"]
[Date "2012.09.07"]
[Round "3.4"]
[White "Pitzer, Alexander"]
[Black "Pajeken, Jakob Leon"]
[Result "1/2-1/2"]
[WhiteElo "1405"]
[BlackElo "1327"]
[PlyCount "130"]
[EventDate "2012.09.06"]
[EventType "team-swiss"]
[EventRounds "7"]
[EventCountry "GER"]
[SourceTitle "EXT 2015"]
[Source "ChessBase"]
[SourceDate "2014.11.20"]
[SourceVersion "1"]
[SourceVersionDate "2014.11.20"]
[SourceQuality "1"]
[WhiteTeam "Hagen"]
[BlackTeam "Hamburger SK"]
[WhiteTeamCountry "GER"]
[BlackTeamCountry "GER"]

1. d4 Nf6 2. Nf3 d5 3. c4 c6 4. Nc3 dxc4 5. e3 Bf5 6. Bxc4 e6 7. 0-0 Bd6 8. Re1 Ne4 9. Nxe4 Bxe4 10. Nd2 Bd5 11. e4 Bxc4 12. Nxc4 Bc7 13. Be3 0-0 14. Qc2 Nd7 15. f3 Nb6 16. Nxb6 axb6 17. Bf2 Qd6 18. g3 Rad8 19. Rac1 Qe7 20. Red1 Qf6 21. Kg2 Rd7 22. Qa4 Rfd8 23. Rc3 h6 24. Qa7 Rb8 25. Rcd3 Qd8 26. Qa4 Ra8 27. Qb3 Ra5 28. a3 Kh8 29. a4 b5 30. Be1 bxa4 31. Qxb7 Rb5 32. Qxc6 Rxb2+ 33. Kh1 Ra2 34. Qc4 Rb2 35. Qxa4 Rb6 36. Bb4 Qe8 37. Bc5 Rb8 38. Rb3 Ra8 39. Qc4 Qd8 40. Rbd3 Rc8 41. d5 e5 42. Qa6 Bd6 43. Bxd6 Rxd6 44. Qa7 Rd7 45. Qe3 Rd6 46. Rc3 Rcc6 47. Rdc1 Rxc3 48. Qxc3 Qf6 49. Kg2 Kh7 50. Qc7 Ra6 51. Qc4 Rd6 52. Qc3 g5 53. Rf1 Ra6 54. Rf2 Rb6 55. h3 Ra6 56. f4 gxf4 57. gxf4 Qg6+ 58. Qg3 Qxe4+ 59. Qf3 Rg6+ 60. Kf1 Qb1+ 61. Ke2 Qc2+ 62. Ke1 Qc1+ 63. Ke2 Qc2+ 64. Ke1 Qc1+ 65. Ke2 Qc2+ 1/2-1/2

[Event "Niedersachsen-ch U12"]
[Site "Rotenburg"]
[Date "2012.04.04"]
[Round "7"]
[White "Pitzer, Alexander"]
[Black "Reuker, Jari"]
[Result "0-1"]
[WhiteElo "1312"]
[BlackElo "1771"]
[PlyCount "50"]
[EventDate "2012.03.31"]
[EventType "swiss"]
[EventRounds "11"]
[EventCountry "GER"]
[SourceTitle "EXT 2015"]
[Source "ChessBase"]
[SourceDate "2014.11.20"]
[SourceVersion "1"]
[SourceVersionDate "2014.11.20"]
[SourceQuality "1"]

1. e4 c5 2. Nf3 Nc6 3. Bb5 e6 4. Bxc6 bxc6 5. d4 cxd4 6. Nxd4 Qc7 7. 0-0 Nf6 8. Re1 Ba6 9. f3 Bd6 10. g3 0-0 11. Nc3 Rab8 12. f4 Bc5 13. Kh1 d5 14. Be3 Bb4 15. Bd2 Bxc3 16. Bxc3 Nxe4 17. Qf3 Nxc3 18. bxc3 Rb2 19. Qg4 Kh8 20. Re5 Qb7 21. Nf3 Rb1+ 22. Rxb1 Qxb1+ 23. Re1 Qxc2 24. Qh4 Qxc3 25. Kg2 Qf6 0-1

[Event "Niedersachsen-ch U12"]
[Site "Rotenburg"]
[Date "2012.04.03"]
[Round "6"]
[White "Bergann, Klaus"]
[Black "Pitzer, Alexander"]
[Result "0-1"]
[WhiteElo "948"]
[BlackElo "1312"]
[PlyCount "106"]
[EventDate "2012.03.31"]
[EventType "swiss"]
[EventRounds "11"]
[EventCountry "GER"]
[SourceTitle "EXT 2015"]
[Source "ChessBase"]
[SourceDate "2014.11.20"]
[SourceVersion "1"]
[SourceVersionDate "2014.11.20"]
[SourceQuality "1"]

1. e4 e5 2. Nf3 Nf6 3. Nxe5 d6 4. Nf3 Nxe4 5. Qe2 Qe7 6. d3 Nf6 7. Qxe7+ Bxe7 8. Nc3 Nc6 9. Bf4 Be6 10. g3 Nb4 11. Nd4 Bd5 12. Nxd5 Nfxd5 13. a3 Bf6 14. axb4 Bxd4 15. Ra2 Nxb4 16. Ra4 Bc5 17. d4 Nxc2+ 18. Kd2 Nxd4 19. Bg2 Rb8 20. Kd3 Ne6 21. Be3 Kd7 22. Kc3 Bxe3 23. fxe3 a6 24. Bh3 g6 25. Bxe6+ Kxe6 26. Re1 Rhe8 27. e4 Kd7 28. Ra5 c6 29. Rf1 Rxe4 30. Rxf7+ Re7 31. Rf6 Rbe8 32. Rf3 Re3+ 33. Rxe3 Rxe3+ 34. Kd2 Re5 35. Ra3 d5 36. Rf3 Rf5 37. Rb3 Kc7 38. h3 d4 39. g4 Rd5 40. h4 c5 41. g5 b5 42. Ra3 c4 43. Rf3 Rf5 44. Ra3 Kb6 45. Rg3 Rf2+ 46. Kc1 Rh2 47. Rg4 c3 48. Rxd4 cxb2+ 49. Kb1 Ka5 50. Ka2 b4 51. Rd1 Kb5 52. Rd3 Kc4 53. Rb3 b1Q+ 0-1

[Event "Niedersachsen-ch U12"]
[Site "Rotenburg"]
[Date "2012.03.31"]
[Round "1"]
[White "Pitzer, Alexander"]
[Black "Gruber, Rieke"]
[Result "1-0"]
[WhiteElo "1312"]
[BlackElo "864"]
[PlyCount "21"]
[EventDate "2012.03.31"]
[EventType "swiss"]
[EventRounds "11"]
[EventCountry "GER"]
[SourceTitle "EXT 2015"]
[Source "ChessBase"]
[SourceDate "2014.11.20"]
[SourceVersion "1"]
[SourceVersionDate "2014.11.20"]
[SourceQuality "1"]

1. d4 d5 2. Bf4 Nf6 3. f3 Nc6 4. Nc3 Nxd4 5. Qxd4 Bf5 6. Nb5 b6 7. Nxc7+ Kd7 8. Qa4+ b5 9. Qxb5+ Kc8 10. Nxa8 Bd7 11. Qb8# 1-0